000 00487nam a2200193Ia 4500
008 220531s9999 xx 000 0 und d
041 _aeng
082 _a-
_bPAN
100 _aPanda, D. S.
_969839
245 _aHistory Of Modern English Literature
250 _a1ST
260 _aKanpur
_bBhaskar pub
_c2012
300 _a304
542 _d17-04-2015
551 _aEnglish
_bNon-grant-ENG
650 _aLiterature
_969840
906 _d2015-2016
_f8142
999 _c39151
_d39151